MARC details
| 000 -CABECERA |
| campo de control de longitud fija |
01346nas a2200313 i 4500 |
| 001 - NÚMERO DE CONTROL |
| campo de control |
46578 |
| 003 - IDENTIFICADOR DEL NÚMERO DE CONTROL |
| campo de control |
DR-UNIBE |
| 005 - FECHA Y HORA DE LA ÚLTIMA TRANSACCIÓN |
| campo de control |
20250612152714.0 |
| 007 - CAMPO FIJO DE DESCRIPCIÓN FÍSICA--INFORMACIÓN GENERAL |
| campo de control de longitud fija |
ta |
| 008 - DATOS DE LONGITUD FIJA--INFORMACIÓN GENERAL |
| campo de control de longitud fija |
250612e2024 dr a||p|r||||||0| | spa d |
| 040 ## - FUENTE DE LA CATALOGACIÓN |
| Centro/agencia transcriptor |
Biblioteca UNIBE |
| Centro catalogador/agencia de origen |
Biblioteca UNIBE |
| Lengua de catalogación |
spa |
| Centro/agencia modificador |
DO-SdBNP |
| Normas de descripción |
rda |
| 041 ## - CÓDIGO DE LENGUA |
| Código de lengua del texto/banda sonora o título independiente |
spa |
| 245 ## - MENCIÓN DE TÍTULO |
| Título |
Turismo dominicano |
| 246 ## - FORMA VARIANTE DE TÍTULO |
| Título propio/Titulo breve |
Revista de turismo dominicano. |
| 264 ## - PRODUCCIÓN, PUBLICACIÓN, DISTRIBUCIÓN, FABRICACIÓN Y COPYRIGHT |
| Producción, publicación, distribución, fabricación y copyright |
Santo Domingo, República Dominicana : |
| Nombre del de productor, editor, distribuidor, fabricante |
Asociación Dominicana de Prensa Turística (ADOMPRETUR), |
| Fecha de producción, publicación, distribución, fabricación o copyright |
2024. |
| 300 ## - DESCRIPCIÓN FÍSICA |
| Extensión |
volumen : |
| Otras características físicas |
ilustraciones, fotografías ; |
| Dimensiones |
25 x 30 cm. |
| 310 ## - PERIODICIDAD ACTUAL |
| Periodicidad actual |
Anual. |
| 336 ## - TIPO DE CONTENIDO |
| Término de tipo de contenido |
texto |
| Código de tipo de contenido |
txt |
| Fuente |
rdacontent |
| 337 ## - TIPO DE MEDIO |
| Nombre/término del tipo de medio |
sin mediación |
| Código del tipo de medio |
n |
| Fuente |
rdamedia |
| 338 ## - TIPO DE SOPORTE |
| Nombre/término del tipo de soporte |
volumen |
| Código del tipo de soporte |
nc |
| Fuente |
rdacarrier |
| 362 ## - FECHAS DE PUBLICACIÓN Y/O DESIGNACIÓN SECUENCIAL |
| Fecha de publicación y/o designación secuencial |
Año. 3, Número 3 (2024). |
| 520 ## - SUMARIO, ETC. |
| Sumario, etc. |
La Asociación Dominicana de Prensa Turística (Adompretur) es una institución profesional creada el 27 de septiembre del 1977, por un grupo de comunicadores y profesionales visionarios y con mucha fe en el valor turístico que tiene nuestro país. |
| 650 ## - PUNTO DE ACCESO ADICIONAL DE MATERIA--TÉRMINO DE MATERIA |
| Término de materia o nombre geográfico como elemento de entrada |
Turismo |
| 9 (RLIN) |
94897 |
| Subdivisión geográfica |
República Dominicana |
| 650 ## - PUNTO DE ACCESO ADICIONAL DE MATERIA--TÉRMINO DE MATERIA |
| Término de materia o nombre geográfico como elemento de entrada |
Promoción de turismo |
| Subdivisión geográfica |
República Dominicana |
| 9 (RLIN) |
144501 |
| 650 ## - PUNTO DE ACCESO ADICIONAL DE MATERIA--TÉRMINO DE MATERIA |
| Término de materia o nombre geográfico como elemento de entrada |
Política de turismo |
| Subdivisión geográfica |
República Dominicana |
| 9 (RLIN) |
144503 |
| 650 ## - PUNTO DE ACCESO ADICIONAL DE MATERIA--TÉRMINO DE MATERIA |
| Término de materia o nombre geográfico como elemento de entrada |
Industrias de servicios |
| 9 (RLIN) |
98 |
| Subdivisión geográfica |
República Dominicana |
| 655 #0 - TÉRMINO DE INDIZACIÓN--GÉNERO/FORMA |
| Datos o término principal de género/forma |
Publicaciones periódicas |
| 9 (RLIN) |
87420 |
| 942 ## - ELEMENTOS DE PUNTO DE ACCESO ADICIONAL (KOHA) |
| Fuente del sistema de clasificación o colocación |
Dewey Decimal Classification |
| Tipo de ítem Koha |
Publicación periódica |